Click US States In Morse Code On A Map - Statistics

General Stats
  • This quiz has been taken 17 times
  • The average score is 16 of 50
Answers on the Map
Answers color-coded by a green-red scale on the quiz's map according to % correct below.
 
Answer Stats
Answer % Correct
-- .- .. -. .
62%
-. --- .-. - .... / -.. .- -.- --- - .-
62%
-- .- ... ... .- -.-. .... ..- ... . - - ...
54%
-. . .-- / -- . -..- .. -.-. ---
54%
-. . .-- / .... .- -- .--. ... .... .. .-. .
54%
- . -. -. . ... ... . .
54%
.. .-.. .-.. .. -. --- .. ...
46%
.. -. -.. .. .- -. .-
46%
.. -.. .- .... ---
46%
--- .... .. ---
46%
-. --- .-. - .... / -.-. .- .-. --- .-.. .. -. .-
46%
- . -..- .- ...
46%
.. --- .-- .-
38%
-. . .-- / -.-- --- .-. -.-
38%
--- -.- .-.. .- .... --- -- .-
38%
... --- ..- - .... / -.-. .- .-. --- .-.. .. -. .-
38%
..- - .- ....
38%
-. . ...- .- -.. .-
38%
.- .-.. .- -... .- -- .-
31%
.- .-. -.- .- -. ... .- ...
31%
.- .-. .. --.. --- -. .-
31%
-- .. ... ... .. ... ... .. .--. .--. ..
31%
-- .. ... ... --- ..- .-. ..
31%
... --- ..- - .... / -.. .- -.- --- - .-
31%
.-- .- ... .... .. -. --. - --- -.
31%
-- .. -. -. . ... --- - .-
31%
--- .-. . --. --- -.
31%
-.-. .- .-.. .. ..-. --- .-. -. .. .-
23%
-.-. --- .-.. --- .-. .- -.. ---
23%
-.. . .-.. .- .-- .- .-. .
23%
--. . --- .-. --. .. .-
23%
.... .- .-- .- .. ..
23%
-.- .- -. ... .- ...
23%
-- --- -. - .- -. .-
23%
-- .- .-. -.-- .-.. .- -. -..
23%
-- .. -.-. .... .. --. .- -.
23%
-. . -... .-. .- ... -.- .-
23%
.-. .... --- -.. . / .. ... .-.. .- -. -..
23%
.-- . ... - / ...- .. .-. --. .. -. .. .-
23%
-.- . -. - ..- -.-. -.- -.--
23%
-.-. --- -. -. . -.-. - .. -.-. ..- -
15%
..-. .-.. --- .-. .. -.. .-
15%
.-.. --- ..- .. ... .. .- -. .-
15%
-. . .-- / .--- . .-. ... . -.--
15%
...- . .-. -- --- -. -
15%
...- .. .-. --. .. -. .. .-
15%
.-- .. ... -.-. --- -. ... .. -.
15%
.- .-.. .- ... -.- .-
8%
.--. . -. -. ... -.-- .-.. ...- .- -. .. .-
8%
.-- -.-- --- -- .. -. --.
8%
No matching quizzes found
Score Distribution
Percent of People with Each Score
Percentile by Number Answered
Your Score History
You have not taken this quiz